Propuesta para el tratamiento contable de participaciones de entes controlados conjuntamente (Registro nro. 12308)
[ vista simple ]
| 000 -LEADER | |
|---|---|
| fixed length control field | 00465 a2200145 4500 |
| 001 - CONTROL NUMBER | |
| control field | ART_44137 |
| 005 - DATE AND TIME OF LATEST TRANSACTION | |
| control field | 20260410161629.0 |
| 008 - FIXED-LENGTH DATA ELEMENTS--GENERAL INFORMATION | |
| fixed length control field | 260409a |
| 100 1# - MAIN ENTRY--PERSONAL NAME | |
| Personal name | Rondi, Gustavo R. |
| 245 10 - TITLE STATEMENT | |
| Title | Propuesta para el tratamiento contable de participaciones de entes controlados conjuntamente |
| 700 1# - ADDED ENTRY--PERSONAL NAME | |
| Personal name | Casal, María del Carmen |
| 700 1# - ADDED ENTRY--PERSONAL NAME | |
| Personal name | Galante, Marcelo J. |
| 700 1# - ADDED ENTRY--PERSONAL NAME | |
| Personal name | Gómez, Melisa |
| 773 0# - HOST ITEM ENTRY | |
| Title | Enfoques |
| Related parts | - Nº 10 (oct. 2017) |
| Record control number | REV416 |
No hay ítems disponibles.